000 01133nam a22002777a 4500
001 5167
003 FISKH
005 20241108121326.0
008 241108b cb ||||| |||| 00| 0 eng d
020 _a9781407111766
040 _aFISKH
_beng
_cFISKH
_dFISKH
082 _a609.22
100 _aGoldsmith, Mike
245 _aInventors and Their Bright Ideas /
_cby Dr Mike Goldsmith
260 _aNew York :
_bScholastic ;
_c2002.
300 _a207 pages :
_billustrations ;
_c21 cm .
490 _aHorribly Famous
505 _aV
520 _aEven though they're dead, the great inventors in this book are still full of surprises! Everybody thinks that Thomas Edison invented the light bulb and that John Logie Baird's TV took the world by storm. But in this Horribly Famous title, readers will discover that Edison didn't invent the first light bulb (although he invented a thousand other things) and that Baird's TV was useless.
521 8 _a870
_bLexile
521 8 _aV
_bRaz-Plus
650 _awishlist
_vnon-fiction
700 _aGoddard, Clive
_eillustrator
942 _2ddc
_cBK
_n0
999 _c5167
_d5167